| 000 | 00710nam a2200217Ia 4500 | ||
|---|---|---|---|
| 003 | OSt | ||
| 005 | 20251113161916.0 | ||
| 008 | 210719s1973 xx 000 0 und d | ||
| 040 | _cAL | ||
| 041 | _aKannada | ||
| 082 | _a769.56K CHAA | ||
| 100 |
_aCHATARJI (S P) _dಚಟರ್ಜಿ (ಎಸ್ ಪಿ) _9164485 |
||
| 245 |
_aAnche stampugala ranjaka kathe. _bಅಂಚೆ ಸ್ಟ್ಯಾಂಪುಗಳ ರಂಜಕ ಕಥೆ |
||
| 260 |
_aND _bNyashanal buk trust _c1973 |
||
| 300 |
_a64 _bPB |
||
| 365 |
_b2 _cRs |
||
| 650 |
_aStamp Collecting _9164486 |
||
| 700 |
_a(H K) Ramakrashna _dಹೆಚ್ ಕೆ ರಾಮಕೃಷ್ಣ Tr. _9164487 |
||
| 906 | _aAnche stampugalu | ||
| 942 |
_2ddc _cBK |
||
| 999 |
_c212950 _d212950 |
||